000 00509cam a2200205 4500
001 D1204
008 090401t1978 xxu||||| |||| 00| 0 eng d
035 _a(Sirsi) u63025
041 _aeng
050 _a695
100 _aBaldwin, R.
245 4 _aThe integrity of trussed rafter roofs
260 _aGarston, Watford
_bBuilding Research Establishment
_c1978
300 _a6p. 30cm
350 _a0
490 _aBRE Current Paper
_v83/78
700 _aRansom, W.H.
942 _n0
948 _c04/03/1997
999 _c94500
_d94500